[Event "Stay Safe Play From Home 232"]
[Site "Emanuel Lasker Arena"]
[Date "2020.06.17"]
[Round "2"]
[White "Lamborghini"]
[Black "Fischer_11"]
[Result "0-1"]
[WhiteElo "2267"]
[BlackElo "2021"]
[Annotator "NA RC"]
[PlyCount "128"]
[EventDate "2020.06.17"]
[EventType "swiss (blitz)"]

1. e4 {[%emt 0:00:02]} Nf6 {[%emt 0:00:03]} 2. e5 {[%emt 0:00:01]} Nd5 {[%emt 0:00:01]} 3. d4 {[%emt 0:00:00]} d6 {[%emt 0:00:02]} 4. Nf3 {[%emt 0:00:01]} dxe5 {[%emt 0:00:02]} 5. Nxe5 {[%emt 0:00:01]} Nd7 {[%emt 0:00:01]} 6. Nxf7 {[%emt 0:00:01]} Kxf7 {[%emt 0:00:00]} 7. Qh5+ {[%emt 0:00:01]} Ke6 {[%emt 0:00:01]} 8. c4 {[%emt 0:00:01]} N5f6 {[%emt 0:00:01]} 9. d5+ {[%emt 0:00:01]} Kd6 {[%emt 0:00:00]} 10. c5+ {[%emt 0:00:01]} Nxc5 {[%emt 0:00:02]} 11. Bf4+ {[%emt 0:00:01]} Kd7 {[%emt 0:00:02]} 12. Bb5+ {[%emt 0:00:02]} c6 {[%emt 0:00:01]} 13. dxc6+ {[%emt 0:00:01]} bxc6 {[%emt 0:00:00]} 14. Qxc5 {[%emt 0:00:01]} Qb6 {[%emt 0:00:00]} 15. Qxb6 {[%emt 0:00:01]} axb6 {[%emt 0:00:00]} 16. Be2 {[%emt 0:00:01]} Bb7 {[%emt 0:00:01]} 17. Nd2 {[%emt 0:00:01]} e6 {[%emt 0:00:01]} 18. O-O {[%emt 0:00:01]} Nd5 {[%emt 0:00:00]} 19. Bg3 {[%emt 0:00:01]} Bd6 {[%emt 0:00:00]} 20. Bxd6 {[%emt 0:00:01]} Kxd6 {[%emt 0:00:00]} 21. Nc4+ {[%emt 0:00:02]} Kd7 {[%emt 0:00:04]} 22. Rfd1 {[%emt 0:00:02]} Kc7 {[%emt 0:00:01]} 23. Ne5 {[%emt 0:00:01]} Rhf8 {[%emt 0:00:03]} 24. a3 {[%emt 0:00:01]} c5 {[%emt 0:00:01]} 25. Bf3 {[%emt 0:00:02]} Rad8 {[%emt 0:00:04]} 26. Re1 {[%emt 0:00:02]} Nf4 {[%emt 0:00:02]} 27. Bxb7 {[%emt 0:00:01]} Kxb7 {[%emt 0:00:00]} 28. g3 {[%emt 0:00:02]} Nd5 {[%emt 0:00:03]} 29. Nc4 {[%emt 0:00:01]} Rfe8 {[%emt 0:00:01]} 30. Re4 {[%emt 0:00:02]} Nf6 {[%emt 0:00:01]} 31. Re2 {[%emt 0:00:02]} b5 {[%emt 0:00:00]} 32. Ne5 {[%emt 0:00:01]} Rd5 {[%emt 0:00:01]} 33. Rae1 {[%emt 0:00:01]} Red8 {[%emt 0:00:01]} 34. Nf7 {[%emt 0:00:01]} R8d6 {[%emt 0:00:02]} 35. Nxd6+ {[%emt 0:00:02]} Rxd6 {[%emt 0:00:01]} 36. Rxe6 {[%emt 0:00:00]} Kc6 {[%emt 0:00:00]} 37. Rxd6+ {[%emt 0:00:01]} Kxd6 {[%emt 0:00:00]} 38. Rd1+ {[%emt 0:00:01]} Nd5 {[%emt 0:00:01]} 39. Kf1 {[%emt 0:00:01]} Ke5 {[%emt 0:00:00]} 40. Ke2 {[%emt 0:00:01]} b4 {[%emt 0:00:02]} 41. f4+ {[%emt 0:00:01]} Ke4 {[%emt 0:00:01]} 42. Rxd5 {[%emt 0:00:01]} Kxd5 {[%emt 0:00:01]} 43. axb4 {[%emt 0:00:00]} cxb4 {[%emt 0:00:01]} 44. Ke3 {[%emt 0:00:01]} Kc4 {[%emt 0:00:01]} 45. Kd2 {[%emt 0:00:01]} Kb3 {[%emt 0:00:00]} 46. Kc1 {[%emt 0:00:01]} Kc4 {[%emt 0:00:00]} 47. Kc2 {[%emt 0:00:01]} b3+ {[%emt 0:00:00]} 48. Kd2 {[%emt 0:00:01]} Kd4 {[%emt 0:00:01]} 49. Ke2 {[%emt 0:00:01]} Ke4 {[%emt 0:00:00]} 50. h3 {[%emt 0:00:01]} g6 {[%emt 0:00:01]} 51. Kf2 {[%emt 0:00:01]} h5 {[%emt 0:00:00]} 52. Ke2 {[%emt 0:00:01]} h4 {[%emt 0:00:01]} 53. Kf2 {[%emt 0:00:01]} hxg3+ {[%emt 0:00:01]} 54. Kxg3 {[%emt 0:00:00]} Kd3 {[%emt 0:00:00]} 55. h4 {[%emt 0:00:00]} Kc2 {[%emt 0:00:00]} 56. h5 {[%emt 0:00:00]} gxh5 {[%emt 0:00:00]} 57. f5 {[%emt 0:00:01]} Kxb2 {[%emt 0:00:00]} 58. f6 {[%emt 0:00:00]} Ka2 {[%emt 0:00:00]} 59. f7 {[%emt 0:00:00]} b2 {[%emt 0:00:00]} 60. f8=Q {[%emt 0:00:00]} h4+ {[%emt 0:00:00]} 61. Kh3 {[%emt 0:00:02]} b1=Q {[%emt 0:00:00]} 62. Qa8+ {[%emt 0:00:01]} Kb2 {[%emt 0:00:01]} 63. Qb7+ {[%emt 0:00:01]} Kc1 {[%emt 0:00:00]} 64. Qh1+ {[%emt 0:00:01]} Kb2 {[%emt 0:00:01] Zeit (Lag: Av=0.31s, max=0.7s)} 0-1

[Event "Stay Safe Play From Home 232"]
[Site "Emanuel Lasker Arena"]
[Date "2020.06.17"]
[Round "2"]
[White "Don59as"]
[Black "Tartak"]
[Result "1-0"]
[WhiteElo "2122"]
[BlackElo "1756"]
[Annotator "NA RC"]
[PlyCount "53"]
[EventDate "2020.06.17"]
[EventType "swiss (blitz)"]

1. c4 {[%emt 0:00:02]} e5 {[%emt 0:00:01]} 2. Nc3 {[%emt 0:00:01]} Nf6 {[%emt 0:00:01]} 3. g3 {[%emt 0:00:00]} c6 {[%emt 0:00:01]} 4. e4 {[%emt 0:00:02]} d5 {[%emt 0:00:01]} 5. exd5 {[%emt 0:00:00]} cxd5 {[%emt 0:00:01]} 6. Bg2 {[%emt 0:00:00]} dxc4 {[%emt 0:00:01]} 7. Qa4+ {[%emt 0:00:02]} Nc6 {[%emt 0:00:01]} 8. Qxc4 {[%emt 0:00:01]} Bd7 {[%emt 0:00:01]} 9. Nf3 {[%emt 0:00:01]} Be7 {[%emt 0:00:03]} 10. O-O {[%emt 0:00:02]} O-O {[%emt 0:00:01]} 11. Re1 {[%emt 0:00:01]} Rc8 {[%emt 0:00:01]} 12. Qf1 {[%emt 0:00:03]} Bd6 {[%emt 0:00:02]} 13. d3 {[%emt 0:00:01]} Qc7 {[%emt 0:00:02]} 14. Bg5 {[%emt 0:00:02]} Be7 {[%emt 0:00:04]} 15. Bxf6 {[%emt 0:00:02]} Bxf6 {[%emt 0:00:01]} 16. Nd5 {[%emt 0:00:00]} Qd8 {[%emt 0:00:01]} 17. a3 {[%emt 0:00:03]} Nd4 {[%emt 0:00:01]} 18. Nxe5 {[%emt 0:00:02]} Bxe5 {[%emt 0:00:01]} 19. Rxe5 {[%emt 0:00:01]} Bc6 {[%emt 0:00:02]} 20. Rc1 {[%emt 0:00:05]} Nb3 {[%emt 0:00:05]} 21. Rc3 {[%emt 0:00:02]} Nd2 {[%emt 0:00:02]} 22. Qe2 {[%emt 0:00:01]} Bxd5 {[%emt 0:00:01]} 23. Rxd5 {[%emt 0:00:02]} Qxd5 {[%emt 0:00:02]} 24. Bxd5 {[%emt 0:00:02]} Rxc3 {[%emt 0:00:01]} 25. bxc3 {[%emt 0:00:01]} Nb1 {[%emt 0:00:02]} 26. Qb2 {[%emt 0:00:02]} Nxc3 {[%emt 0:00:02]} 27. Qxc3 {[%emt 0:00:01] Tartak resigns (Lag: Av=0.79s, max=1.0s)} 1-0

[Event "Stay Safe Play From Home 232"]
[Site "Emanuel Lasker Arena"]
[Date "2020.06.17"]
[Round "2"]
[White "Lazieri3"]
[Black "SoulofWolf"]
[Result "1-0"]
[WhiteElo "2065"]
[BlackElo "2193"]
[Annotator "TA"]
[PlyCount "77"]
[EventDate "2020.06.17"]
[EventType "swiss (blitz)"]

{[%evp 9,76,3,36,37,91,10,91,24,85,22,100,102,178,179,229,127,162,121,128,46,141,132,141,139,187,120,136,116,146,114,102,111,212,111,217,220,212,91,250,170,190,152,213,198,316,291,372,207,201,193,295,275,1908,1936,29977,10196,2847,2729,29985,29985,29993,29994,29998,29997,29997,29993,29998,29999,29999]} 1. e4 e6 2. Nc3 c5 3. d3 Nc6 4. Nf3 g6 5. Bg5 f6 (5... Be7 {seems wilder.} 6. Be3 Nf6 7. d4 cxd4 8. Nxd4 O-O) 6. Be3 {[#] B40: Sicilian: 2...e6, Unusual lines.} b6 $146 (6... d5 $14 7. d4 c4) ({Predecessor:} 6... d5 7. d4 e5 8. Nxd5 cxd4 9. Bd2 f5 10. Qe2 fxe4 {0-1 (10) Kriz,L (2122)-Orsag,M (2140) Czechia 1999}) 7. Qd2 (7. d4 $16) 7... a6 (7... e5 $1 $11) 8. Be2 (8. d4 $16) 8... Bb7 (8... d5 $11 {keeps the balance.} 9. exd5 exd5) 9. a3 (9. d4 $16) 9... Bg7 (9... e5 $11) 10. d4 $16 Nge7 (10... cxd4 $16 {is a better defense.} 11. Nxd4 Nge7) 11. dxc5 $18 b5 12. Nd4 (12. O-O-O $18) 12... O-O 13. Nxc6 Bxc6 14. Bh6 (14. f3 $16) 14... Qc7 (14... Bxh6 $14 15. Qxh6 Qb8) 15. Bxg7 $1 $16 Kxg7 16. b4 h5 17. h3 ({White should try} 17. O-O $18) 17... Rad8 18. O-O d5 19. cxd6 Rxd6 20. Qe3 Rfd8 (20... Rc8 $16) 21. Rfd1 (21. a4 $18 {[%cal Ra4b5]} bxa4 22. Bxa6 (22. Nxa4 Bxa4 23. Rxa4 Qxc2 $16)) 21... Qb7 (21... Rxd1+ $16 22. Rxd1 Rxd1+ 23. Nxd1 Be8) 22. Rxd6 $18 Rxd6 {[#]} 23. Bf3 (23. Bxh5 $1 $18 {[%mdl 512] and White stays clearly on top.} e5 (23... gxh5 24. Qg3+) 24. Bg4) 23... Ng8 $2 {This costs Black the game.} (23... e5 $16) 24. Ne2 {[%cal Bc3e2,Be2d4,Bd4b3,Bb3c5,Bc5e6][%mdl 32] And now e5 would win.} Qd7 25. c3 Ne7 (25... e5 $16) 26. Nd4 Bb7 (26... e5 {was called for.}) 27. Nb3 Rd3 28. Qe2 (28. Qe1 $142 {Black must now prevent Nc5.} Qc8 29. Nc5) 28... Rxc3 29. Nc5 Qc6 (29... Rxc5 $142 30. Rd1 {[#]} (30. bxc5 Nc6 $16) 30... Rd5 $1 {[%mdl 512]} 31. exd5 Bxd5) 30. e5 f5 $2 (30... Rxf3 31. gxf3 Qxf3 32. Qxf3 Bxf3 33. Nxe6+ Kf7) 31. Bxc6 Bxc6 32. Nxe6+ Kf7 33. Ng5+ Kg7 34. e6 {White mates.} Bd5 35. Qe5+ {[%mdl 64] Double Attack} Kh6 36. Qxc3 Kxg5 {[#]} 37. Qe5 $1 Bc4 38. f4+ Kh6 39. Qh8# {Accuracy: White = 36%, Black =  8%.} 1-0

[Event "Stay Safe Play From Home 232"]
[Site "Emanuel Lasker Arena"]
[Date "2020.06.17"]
[Round "2"]
[White "Bardellosport"]
[Black "Broken sword"]
[Result "0-1"]
[WhiteElo "2046"]
[BlackElo "2437"]
[Annotator "TA"]
[PlyCount "98"]
[EventDate "2020.06.17"]
[EventType "swiss (blitz)"]

{[%evp 9,98,-11,-9,-38,-38,-41,-30,-45,-31,-70,-35,-60,-52,-56,-62,-74,-66,-84,-76,-78,-87,-92,-92,-112,-12,-95,-9,-17,0,-57,-37,-12,525,292,239,37,295,291,300,279,293,236,277,59,62,51,82,40,51,20,29,-1,11,0,0,0,20,6,122,114,225,0,113,140,303,310,291,62,70,0,0,0,0,0,39,39,70,70,70,70,70,70,70,70,70,0,0,0,0,0,0]} 1. d4 d5 2. e3 c6 3. f4 Nf6 4. Nf3 Bf5 5. Bd3 e6 6. Bxf5 {D00: 1 d4 d5: Unusual lines.} exf5 {[#]} 7. Ne5 $146 ({Predecessor:} 7. Qd3 g6 8. Ne5 Nbd7 9. O-O Bg7 10. Nd2 O-O 11. Ndf3 Re8 12. Ng5 Nxe5 13. fxe5 {0-1 (25) Schroeder,W (1938)-Baldassare,S (2436) ICCF email 2017}) 7... Nbd7 8. O-O {Black has an edge.} g6 9. c4 Bd6 10. cxd5 Nxd5 11. Nc3 N7f6 $1 12. Nxd5 Nxd5 13. Qe2 O-O 14. e4 fxe4 15. Qxe4 Re8 16. Qf3 Qe7 (16... f6 $17 17. Nc4 Bc7) 17. Bd2 (17. f5 $1 $11) 17... Qe6 ({Black should play} 17... Bb4 $17 18. Qf2 f6) 18. Rae1 Qc8 19. Bc3 (19. f5 $11 Qxf5 20. Qb3) 19... a6 20. f5 g5 $2 {[%mdl 8192]} (20... Qxf5 $11 21. Qxf5 gxf5) 21. f6 {aiming for Qh5!} Bxe5 22. Rxe5 $2 (22. dxe5 $18 Nf4 23. Bd2) 22... Nxc3 $2 {[%mdl 8192]} ({Black should try} 22... Rxe5 $14 23. dxe5 Nxc3 24. bxc3 (24. Qxc3 h6 $11) 24... Qe6) 23. Rxg5+ $18 ({Not} 23. bxc3 Rxe5 24. dxe5 Qe6 $14) 23... Kh8 {White must now prevent ...Ne2+.} 24. bxc3 Rg8 25. Rh5 {White wants to mate with Rxh7+!} Rg6 26. Qh3 $2 ({Better is} 26. Re5 $18) 26... Qxh3 $14 27. Rxh3 {[%mdl 4096] Endgame KRR-KRR} Re8 28. Rhf3 h6 29. h3 Kh7 30. g4 Rg5 31. R1f2 Kg6 32. Kg2 Ra5 33. Kg3 Re6 {[#]} (33... h5 $11) 34. h4 $1 $16 h5 (34... Kh7 $16 {was worth a try.}) 35. g5 $2 (35. Rf5 $18 Rd5 36. gxh5+ Kh6 37. Rxd5 cxd5 38. Rf5) 35... c5 (35... Re4 $11) 36. d5 Re5 $2 (36... Rd6 $16) 37. c4 $18 Ra4 {[#]} 38. Rc2 $2 ({White must play} 38. Rc3 $1 $18 b5 39. d6 Rxc4 40. Rxc4 bxc4 41. Rd2) 38... b5 $1 $14 39. cxb5 (39. d6 $1 $14 Rxc4 40. Rxc4 bxc4 41. Rc3) 39... Rg4+ $11 40. Kf2 Rxd5 41. b6 {[%cal Bb5b6,Bb6b7][%mdl 32] Strongly threatening b7.} Rb4 42. Rb3 Rd6 43. Rxb4 cxb4 $14 {KR-KR} 44. b7 Rb6 45. Rc7 {Ke3 is the strong threat.} a5 {[%cal Ba6a5,Ba5a4,Ba4b3,Bb3b2][%mdl 32] next ...a4 is good for Black.} 46. Ke3 {And now Ke4 would win.} a4 {With the idea ...b3.} 47. Kd4 (47. Kd2 $1 $14) 47... b3 $11 {The position is equal.} 48. axb3 axb3 {Hoping for ...b2.} 49. Kc5 b2 {[%mdl 32768] Accuracy: White = 50%, Black = 57%. . Loss on time!?} 0-1

[Event "Stay Safe Play From Home 232"]
[Site "Emanuel Lasker Arena"]
[Date "2020.06.17"]
[Round "2"]
[White "Haxhi Baha"]
[Black "Mohitpuri"]
[Result "1-0"]
[WhiteElo "2010"]
[BlackElo "1620"]
[Annotator "TA"]
[PlyCount "47"]
[EventDate "2020.06.17"]
[EventType "swiss (blitz)"]

{[%evp 9,47,151,239,239,353,114,114,80,472,308,430,422,728,479,986,830,989,513,539,530,581,534,1399,1013,1176,874,1125,1114,2704,2534,2677,2524,29991,29992,29993,29994,29994,29995,29996,29996]} 1. e4 e5 2. f4 Nc6 3. Bc4 g6 4. Nf3 {[#]} a6 $146 ({Predecessor:} 4... Bg7 5. O-O d6 6. c3 Nf6 7. fxe5 dxe5 8. d3 O-O 9. Bg5 Qd6 10. b4 a6 11. a4 {½-½ (33) Havasi,J (1831)-Csomos,B (1732) Hungary 2009}) 5. fxe5 f6 (5... d6 $16) 6. d4 $18 {C23: Bishop's Opening: 2...Bc5.} fxe5 (6... d6 $142 7. exf6 Nxf6) 7. Bxg8 $2 {[#]} ({Weaker is} 7. dxe5 h6 $18) (7. O-O $18 {is more deadly.}) 7... Rxg8 $16 8. O-O {Bg5 is the strong threat.White is better.} Bg7 $2 {[%mdl 8192] Black cannot hold the game after this.} (8... exd4 $16 {is more resistant.} 9. c3 d5) 9. d5 Nb4 10. Nc3 {[%cal Bb1c3,Bc3e2,Be2g3,Bg3h5,Bh5f6][%mdl 32]} c5 (10... d6 $142 11. a3 Nxc2) 11. a3 b6 (11... d6 $142 12. Be3 Nxc2 13. Qxc2 h6) 12. axb4 cxb4 13. Ne2 d6 14. Be3 b5 15. Ng3 g5 16. Bxg5 Qd7 17. Qd2 Bf8 18. Nh5 {Strongly threatening Nf6+.} Rxg5 19. Nf6+ {[%mdl 64] [#] Double Attack, Zwischenzug} Ke7 20. Nxd7 Kxd7 21. Nxg5 {White mates.} Kd8 22. Rxf8+ Kc7 23. Rf7+ Kb8 24. Qe3 {Accuracy: White = 34%, Black =  1%.} 1-0

[Event "Stay Safe Play From Home 232"]
[Site "Emanuel Lasker Arena"]
[Date "2020.06.17"]
[Round "2"]
[White "Grizzzly"]
[Black "Justwatch"]
[Result "1/2-1/2"]
[WhiteElo "1787"]
[BlackElo "1832"]
[Annotator "NA RC"]
[PlyCount "84"]
[EventDate "2020.06.17"]
[EventType "swiss (blitz)"]

1. d4 {[%emt 0:00:01]} Nf6 {[%emt 0:00:00]} 2. c4 {[%emt 0:00:00]} g6 {[%emt 0:00:00]} 3. Nc3 {[%emt 0:00:00]} Bg7 {[%emt 0:00:01]} 4. e4 {[%emt 0:00:00]} O-O {[%emt 0:00:00]} 5. Nf3 {[%emt 0:00:00]} d6 {[%emt 0:00:00]} 6. Be2 {[%emt 0:00:00]} Bg4 {[%emt 0:00:01]} 7. O-O {[%emt 0:00:01]} Bxf3 {[%emt 0:00:00]} 8. Bxf3 {[%emt 0:00:01]} Nc6 {[%emt 0:00:00]} 9. Be3 {[%emt 0:00:00]} Nd7 {[%emt 0:00:01]} 10. Qd2 {[%emt 0:00:00]} Nb6 {[%emt 0:00:01]} 11. Rad1 {[%emt 0:00:01]} Nxc4 {[%emt 0:00:01]} 12. Qe2 {[%emt 0:00:03]} Nxe3 {[%emt 0:00:00]} 13. fxe3 {[%emt 0:00:02]} e5 {[%emt 0:00:00]} 14. Nd5 {[%emt 0:00:03]} exd4 {[%emt 0:00:01]} 15. exd4 {[%emt 0:00:05]} Nxd4 {[%emt 0:00:01]} 16. Qe3 {[%emt 0:00:02]} Nxf3+ {[%emt 0:00:00]} 17. Qxf3 {[%emt 0:00:01]} c6 {[%emt 0:00:00]} 18. Nc3 {[%emt 0:00:02]} Qb6+ {[%emt 0:00:01]} 19. Qf2 {[%emt 0:00:04]} Rad8 {[%emt 0:00:01]} 20. Qxb6 {[%emt 0:00:02]} axb6 {[%emt 0:00:00]} 21. Rd2 {[%emt 0:00:02]} c5 {[%emt 0:00:01]} 22. Rfd1 {[%emt 0:00:01]} Bd4+ {[%emt 0:00:01]} 23. Kh1 {[%emt 0:00:03]} Ra8 {[%emt 0:00:00]} 24. Ne2 {[%emt 0:00:00]} Be5 {[%emt 0:00:04]} 25. b3 {[%emt 0:00:00]} f5 {[%emt 0:00:03]} 26. Rd5 {[%emt 0:00:01]} fxe4 {[%emt 0:00:01]} 27. Ng3 {[%emt 0:00:02]} Rf2 {[%emt 0:00:01]} 28. Nxe4 {[%emt 0:00:01]} Rb2 {[%emt 0:00:04]} 29. Nxd6 {[%emt 0:00:01]} Bxd6 {[%emt 0:00:01]} 30. Rxd6 {[%emt 0:00:01]} Raxa2 {[%emt 0:00:00]} 31. Rg1 {[%emt 0:00:02]} Rxb3 {[%emt 0:00:02]} 32. Rd7 {[%emt 0:00:01]} Ra7 {[%emt 0:00:02]} 33. Re1 {[%emt 0:00:02]} Ra8 {[%emt 0:00:02]} 34. h3 {[%emt 0:00:01]} Rf8 {[%emt 0:00:01]} 35. Ree7 {[%emt 0:00:01]} Rf1+ {[%emt 0:00:02]} 36. Kh2 {[%emt 0:00:01]} Rb4 {[%emt 0:00:00]} 37. Rg7+ {[%emt 0:00:02]} Kf8 {[%emt 0:00:00]} 38. Rxh7 {[%emt 0:00:01]} Kg8 {[%emt 0:00:01]} 39. Rhg7+ {[%emt 0:00:01]} Kh8 {[%emt 0:00:01]} 40. Rh7+ {[%emt 0:00:01]} Kg8 {[%emt 0:00:01]} 41. Rhg7+ {[%emt 0:00:00]} Kf8 {[%emt 0:00:01]} 42. Rh7 {[%emt 0:00:00]} Kg8 {[%emt 0:00:00] (Lag: Av=0.47s, max=1.0s)} 1/2-1/2

[Event "Stay Safe Play From Home 232"]
[Site "Emanuel Lasker Arena"]
[Date "2020.06.17"]
[Round "2"]
[White "Shyamph1980"]
[Black "Position"]
[Result "0-1"]
[WhiteElo "1485"]
[BlackElo "1961"]
[Annotator "NA RC"]
[PlyCount "82"]
[EventDate "2020.06.17"]
[EventType "swiss (blitz)"]

1. d4 {[%emt 0:00:01]} d5 {[%emt 0:00:02]} 2. c4 {[%emt 0:00:01]} Nf6 {[%emt 0:00:00]} 3. e3 {[%emt 0:00:01]} e6 {[%emt 0:00:01]} 4. Nf3 {[%emt 0:00:01]} Bd6 {[%emt 0:00:00]} 5. Nc3 {[%emt 0:00:01]} O-O {[%emt 0:00:00]} 6. Bd2 {[%emt 0:00:01]} c6 {[%emt 0:00:00]} 7. Be2 {[%emt 0:00:01]} Nbd7 {[%emt 0:00:00]} 8. c5 {[%emt 0:00:01]} Bc7 {[%emt 0:00:02]} 9. O-O {[%emt 0:00:01]} Re8 {[%emt 0:00:01]} 10. Qb3 {[%emt 0:00:04]} e5 {[%emt 0:00:01]} 11. Rfe1 {[%emt 0:00:03]} e4 {[%emt 0:00:01]} 12. Nh4 {[%emt 0:00:01]} Nf8 {[%emt 0:00:01]} 13. g3 {[%emt 0:00:02]} Ng6 {[%emt 0:00:02]} 14. Nxg6 {[%emt 0:00:01]} fxg6 {[%emt 0:00:00]} 15. Bf1 {[%emt 0:00:00]} Kh8 {[%emt 0:00:01]} 16. Bg2 {[%emt 0:00:01]} Rf8 {[%emt 0:00:01]} 17. Rac1 {[%emt 0:00:03]} Rb8 {[%emt 0:00:01]} 18. Qc2 {[%emt 0:00:01]} Ng4 {[%emt 0:00:01]} 19. Rf1 {[%emt 0:00:03]} Qf6 {[%emt 0:00:01]} 20. Be1 {[%emt 0:00:02]} Bf5 {[%emt 0:00:02]} 21. h3 {[%emt 0:00:01]} Nh6 {[%emt 0:00:02]} 22. b4 {[%emt 0:00:01]} Be6 {[%emt 0:00:02]} 23. b5 {[%emt 0:00:02]} Qe7 {[%emt 0:00:02]} 24. Rb1 {[%emt 0:00:01]} Qd7 {[%emt 0:00:01]} 25. a4 {[%emt 0:00:01]} Bxh3 {[%emt 0:00:02]} 26. bxc6 {[%emt 0:00:03]} bxc6 {[%emt 0:00:01]} 27. Rxb8 {[%emt 0:00:01]} Bxb8 {[%emt 0:00:00]} 28. Bd2 {[%emt 0:00:01]} Bxg2 {[%emt 0:00:01]} 29. Kxg2 {[%emt 0:00:01]} Qg4 {[%emt 0:00:01]} 30. Qd1 {[%emt 0:00:05]} Qg5 {[%emt 0:00:01]} 31. Ne2 {[%emt 0:00:02]} Nf5 {[%emt 0:00:02]} 32. Nf4 {[%emt 0:00:02]} Qf6 {[%emt 0:00:01]} 33. Rh1 {[%emt 0:00:01]} g5 {[%emt 0:00:02]} 34. Nh3 {[%emt 0:00:01]} h6 {[%emt 0:00:02]} 35. Qe2 {[%emt 0:00:01]} Kg8 {[%emt 0:00:01]} 36. Rb1 {[%emt 0:00:00]} Bc7 {[%emt 0:00:02]} 37. Rb7 {[%emt 0:00:01]} Rf7 {[%emt 0:00:00]} 38. a5 {[%emt 0:00:01]} Kh7 {[%emt 0:00:01]} 39. a6 {[%emt 0:00:01]} Qg6 {[%emt 0:00:01]} 40. Qe1 {[%emt 0:00:01]} g4 {[%emt 0:00:01]} 41. Nf4 {[%emt 0:00:01]} Bxf4 {[%emt 0:00:01] Time (Lag: Av=0.93s, max=1.5s)} 0-1

[Event "Stay Safe Play From Home 232"]
[Site "Emanuel Lasker Arena"]
[Date "2020.06.17"]
[Round "2"]
[White "Trotsky"]
[Black "Das opfer"]
[Result "0-1"]
[WhiteElo "1439"]
[BlackElo "1670"]
[Annotator "NA RC"]
[PlyCount "72"]
[EventDate "2020.06.17"]
[EventType "swiss (blitz)"]

1. d4 {[%emt 0:00:01]} c6 {[%emt 0:00:01]} 2. e3 {[%emt 0:00:00]} d5 {[%emt 0:00:01]} 3. c4 {[%emt 0:00:00]} Nf6 {[%emt 0:00:01]} 4. Nc3 {[%emt 0:00:01]} e6 {[%emt 0:00:01]} 5. Bd3 {[%emt 0:00:01]} Bd6 {[%emt 0:00:01]} 6. c5 {[%emt 0:00:00]} Bc7 {[%emt 0:00:01]} 7. Qc2 {[%emt 0:00:00]} Nbd7 {[%emt 0:00:01]} 8. Nf3 {[%emt 0:00:01]} Qe7 {[%emt 0:00:01]} 9. Bd2 {[%emt 0:00:01]} a6 {[%emt 0:00:01]} 10. O-O-O {[%emt 0:00:01]} b5 {[%emt 0:00:01]} 11. h4 {[%emt 0:00:01]} Bb7 {[%emt 0:00:01]} 12. Kb1 {[%emt 0:00:01]} a5 {[%emt 0:00:01]} 13. Ka1 {[%emt 0:00:02]} a4 {[%emt 0:00:01]} 14. Ng5 {[%emt 0:00:01]} b4 {[%emt 0:00:01]} 15. Ne2 {[%emt 0:00:04]} b3 {[%emt 0:00:01]} 16. Qb1 {[%emt 0:00:01]} bxa2 {[%emt 0:00:01]} 17. Qc2 {[%emt 0:00:01]} a3 {[%emt 0:00:01]} 18. b3 {[%emt 0:00:01]} O-O {[%emt 0:00:02]} 19. g4 {[%emt 0:00:05]} Ba6 {[%emt 0:00:01]} 20. Bxh7+ {[%emt 0:00:01]} Kh8 {[%emt 0:00:03]} 21. e4 {[%emt 0:00:01]} Bxe2 {[%emt 0:00:02]} 22. e5 {[%emt 0:00:01]} Bxd1 {[%emt 0:00:01]} 23. Rxd1 {[%emt 0:00:04]} Nxe5 {[%emt 0:00:01]} 24. dxe5 {[%emt 0:00:01]} Bxe5+ {[%emt 0:00:01]} 25. Bc3 {[%emt 0:00:02]} Bxc3+ {[%emt 0:00:02]} 26. Qxc3 {[%emt 0:00:01]} Rfd8 {[%emt 0:00:01]} 27. Qd3 {[%emt 0:00:01]} d4 {[%emt 0:00:02]} 28. Bg6 {[%emt 0:00:08]} Rd5 {[%emt 0:00:08]} 29. Bxf7 {[%emt 0:00:03]} Rxg5 {[%emt 0:00:02]} 30. hxg5 {[%emt 0:00:02]} Qxf7 {[%emt 0:00:00]} 31. Rh1+ {[%emt 0:00:01]} Kg8 {[%emt 0:00:01]} 32. gxf6 {[%emt 0:00:01]} Qxf6 {[%emt 0:00:00]} 33. Qh7+ {[%emt 0:00:01]} Kf7 {[%emt 0:00:01]} 34. Qh8 {[%emt 0:00:01]} Rxh8 {[%emt 0:00:02]} 35. Rxh8 {[%emt 0:00:04]} d3+ {[%emt 0:00:01]} 36. Kxa2 {[%emt 0:00:01]} d2 {[%emt 0:00:01] Âðåìÿ (Lag: Av=0.45s, max=1.2s) .} 0-1